Del fondo del arcón /

Leonardo Zamudio es autor de Cosecha de otoño, El cofre y la llave y Del fondo del arcón.

Kaydedildi:
Detaylı Bibliyografya
Yazar: Zamudio, Leonardo (autor)
Materyal Türü: Kitap
Dil:İspanyolca
Baskı/Yayın Bilgisi: México : Ediciones del Equilibrista, 1995, c1995
Seri Bilgileri:(El Taller del Equilibrista)
Konular:
Etiketler: Etiketle
Etiket eklenmemiş, İlk siz ekleyin!

MARC

LEADER 00000nam^a2200000^a^4500
001 000134303
005 20250521000000.0
009 20260310095204.365
020 |a 968-7318-29-5 
037 |a Acervo ITESO - Biblioteca 
041 |a ESP 
082 |a 861.  |b ZAM 
100 |a Zamudio, Leonardo  |e (autor) 
245 1 0 |a Del fondo del arcón /  |c L. Zamudio ; il. de Marcela García. 
264 4 |a México :  |b Ediciones del Equilibrista,  |c 1995, c1995 
300 |a 193 p. 
336 |a texto  |b txt  |2 rdacontenido 
337 |a sin mediación  |b n  |2 rdamedio 
338 |a volumen  |b nc  |2 rdasoporte 
440 4 |a (El Taller del Equilibrista) 
520 |a Leonardo Zamudio es autor de Cosecha de otoño, El cofre y la llave y Del fondo del arcón. 
649 |a XX 
650 |a Poesía Mexicana 
650 |a Literatura Mexicana -  |y Siglo XX 
910 |a Fondo General 
920 |a Impresos - Libros 
930 |a Colección General 
940 |a Literatura 
905 |a 101 
901 |a 0500063559  |b IT1  |c LIT  |u 20250521 
902 |a https://opac.biblio.iteso.mx/vufind/Record/000134303